000 00674nam a2200241Ia 4500
003 OSt
005 20221005123602.0
006 a|||||r|||| 00| 0
007 ta
008 221004b |||||||| |||| 00| 0 eng d
024 _a57995
037 _cTextual
040 _aCRL
_cCRL
_beng
041 _2eng
_aeng
082 _aV2:21wL73, C4
100 _aRitchie Anne Thackeray
_9633867
245 0 _aLord Amherst and the British advane eastwards to Burma.
260 _c1894
650 _aHISTORY
700 _a Evans Richardson
_9633868
942 _hV2:21wL73, C4
_cTEXL
_2cc
999 _c1047853
_d1047853